000 00657cam a2200229 4500500
005 20260405003337.0
041 _afre
042 _adc
100 1 0 _aEnjalbert, Cédric
_eauthor
245 0 0 _aÀ manier avec précaution
260 _c2021.
500 _a30
690 _aBlaise Pascal
690 _aDiderot
690 _aFragilité
690 _aJean-Louis Chrétien
690 _aPeter Sloterdijk
690 _aPline
690 _aSénèque
786 0 _nPhilosophie magazine | 152 | 9 | 2021-09-01 | p. 28-30 | 1951-1787
856 4 1 _uhttps://shs.cairn.info/magazine-philosophie-magazine-2021-9-page-28?lang=fr&redirect-ssocas=7080
999 _c2066683
_d2066683